Quizzes
Events
Quiz Creation
Community
Videos
Private Events
Remove Ads
Sign In
Join for FREE
Feedback
Dark Mode
Quiz Categories
Sports
Geography
Music
Movies
Television
Just For Fun
Miscellaneous
History
Literature
Language
Science
Gaming
Entertainment
Religion
Holiday
For Kids
Quiz Lab
Recent
Popular Today
Quiz Kudos Today
Editor Picks
Curator Picks
Quizzes by...
Day
Popularity
Type
Ratings
Length
Year
Community
Subscriptions
Recent Discussions
Orange Saloon
Badges
Playlists
Quests
Create
Leaderboards
Showdown
Live 5
Trivia Bingo
Activity
Puzzle Library
Sporcle Events
Private Events
Virtual Trivia
Globe League
Become a Host
Pub Owners
SporcleCon
Opinionation
Our Games
Videos
Blog
Mobile Apps
Partnerships
Remove Ads and Go Orange
Feedback
Sports
Athletes
MLB
NBA
NHL
NFL
Soccer
Sports Teams
WWE
NCAA
Football
Premier League
Basketball
Baseball
Hockey
Golf
Tennis
Cricket
Rugby
Auto Racing
Olympics
World Cup
Sports
Athletes
MLB
NBA
NHL
NFL
Soccer
Sports Teams
WWE
NCAA
Football
Premier League
Basketball
Baseball
Hockey
Golf
Tennis
Cricket
Rugby
Auto Racing
Olympics
World Cup
Random Quiz
Search Sporcle
×
Quiz Lab
Quiz Lab
Sports
Sports Teams
Type answers that appear on an image
Type answers that appear on an image
Map
Best Score? Go Orange.
WHA Teams on a Map Stats
Can you name the WHA Teams on a Map?
By
24cabfan
7m
25 Questions
87 Plays
87 Plays
87 Plays
Comments
Comments
Give Quiz Kudos
Give Quiz Kudos
-
- Ratings
hide this ad
Forced Order
Answers have to be entered in order
Answers have to be entered in order
Replay
Link that replays current quiz
Next Quiz
Link to next quiz in quiz playlist
You Got
0%
They Got
Avg Score
73%
Avg Friend Score
Upgrade to see
Score Distribution
Jump to the score distribution portion of the page
Score
0/25
Timer
07:00
0
Plays Today
% Correct
Quebec Nordiques
89.7%
Winnipeg Jets
89.7%
Alberta/Edmonton Oilers
88.5%
Houston Aeros
87.4%
Indianapolis Racers
85.1%
New England Whalers
83.9%
Minnesota Fighting Saints
81.6%
Phoenix Roadrunners
80.5%
Birmingham Bulls
79.3%
Toronto Toros
75.9%
Los Angeles Sharks
74.7%
Cincinnati Stingers
73.6%
Cleveland Crusaders
73.6%
% Correct
San Diego Mariners
73.6%
Calgary Cowboys
71.3%
Vancouver Blazers
69%
Chicago Cougars
67.8%
Michigan Stags
67.8%
Ottawa Civics/Nationals
67.8%
Philadelphia Blazers
66.7%
Denver Spurs
65.5%
Baltimore Blades
57.5%
Jersey Knights
57.5%
Miami Screaming Eagles
54%
New York Raiders
54%
Quiz Playlist
Details
Report
Send in Message
Add To Playlist
Map:
Type answers that appear on an image
Forced Order:
Answers have to be entered in order
Last Updated: Jul 15, 2017
Quiz Scoreboard
CHALLENGE
Sign Up to Join the Scoreboard
Show All
Scores
Hide
Comments
May contain spoilers
Recently Published
Presidents Visiting Landmarks
by Hejman
History
7m
An Introduction to Baseball
by treessimontrees
Sports
5m
Movies - When Are They Set?
by FPL_Elf
Movies
5m
More to Explore
Quiz From the Vault
Featured Blog Post
Where Did the Easter Bunny Come From?
hide this ad
You Might Also Like...
Tags
Hockey Quiz
NHL Quiz
Sports Teams Quiz
defunct
map
team
Team Nicknames
WHA
Today's Top Quizzes in Sports
Browse Sports
hide this ad
Today's Top Quizzes in Sports Teams
Browse Sports Teams
Top Contributed Quizzes in Sports
1
Les meilleurs buteurs des matchs entre le PSG et l’OM
2
2022 World Cup Stars
3
FIFA Club World Cup Champions
4
Les entraîneurs de l'OM et du PSG au 21e siècle
5
Name the Premier League winners with different clubs
6
La finale Lions - Afrique du Sud 2021
7
5-to-1: UK Sports Teams
8
England Test cricketers to play under Nasser Hussain
9
Players with Multiple 50 Home Run Seasons
10
AFC Teams Reveal (Wrong Answers Minefield)
Explore More
Trending Topics
Marvel
Anime
Harry Potter
Kpop
Crossword
Disney
NBA
Puzzle
Song
WWE
Soccer
The Office
Pokémon
NFL
Country
hide this ad
More By:
24cabfan
Quiz
Plays
Rating
Category
Featured
Created
Mario Kart Wii Characters
49,228
4.69
Gaming
Mar 7, 2015
Big 4 Logos of the 1990s
42,183
4.28
Sports
Mar 31, 2020
Big 4 Logos of the 1980s
32,947
4.53
Sports
Mar 30, 2020
Big 4 Logos of the 1970s
32,862
4.70
Sports
Mar 27, 2020
Big 4 Logos of the 2000s
27,435
4.46
Sports
Apr 9, 2020
Go to Creator's Profile
Score Distribution
Quiz Creator Spotlight
24cabfan
Follow
Send a Message
Quizzes Created
-
Created Quiz Play Count
-
More By This Creator
Popular Quizzes Today
1
Find the US States - No Outlines Minefield
2
Find the Countries of Europe - No Outlines Minefield
3
The Countries of the World
4
Find the US States
5
Popular People in 1961
6
US States
7
Risky Map Clicking: Biggest States A-Z
8
Movies - When Are They Set?
More Sports Quizzes
All about... Golden State Warriors
Curator's Pick
Trending Quizzes
Risky Map Clicking: Least Populous States A-Z
1-10 Letter G Words
1-10 Letter F Words
Risky Map Clicking: Next State Alphabetically
Risky Map Clicking: Biggest States A-Z
Recently Updated
Leaping Animals
pecheneg
Reality TV Shows (A-Z)
bhenderson79
Rickey Henderson's Hall of Fame Teammates
pecheneg
Champions League XIs: Arsenal
pecheneg
Quick Pick: Celebrities in WWE's Hall of Fame
aduchscher
A-Z Keypad Blitz II
pecheneg
Multiple Oscar Actors
pecheneg
Mystery Phrase Blitz: Oscar 'Best Actors'
pecheneg
F. Scott Fitzgerald Novels
LTH
Pick 3 Villains
ddd62291
Trending Topics
Marvel
Anime
Kpop
Harry Potter
Crossword
NBA
Disney
WWE
Pokémon
The Office
NFL
Song
Puzzle
Soccer
Country
Your Account Isn't Verified!
In order to create a playlist on Sporcle, you need to verify the email address you used during registration. Go to your
Sporcle Settings
to finish the process.
Report this User
Report this user for behavior that violates our
Community Guidelines
.
Details:
Send Report
Go to the Sporcle.com Mobile Site →
Comments